Name the NCAA FBS Rivalry - Statistics

General Stats
  • This quiz has been taken 17 times
  • The average score is 6 of 77
Answer Stats
Hint Answer % Correct
Alabama vs. Auburn Iron Bowl
94%
Michigan vs. Ohio St. The Game
63%
Mississippi St. vs. Ole Miss Egg Bowl
38%
Washington vs. Washington St. Apple Cup
31%
Pitt vs. West Virginia Backyard Brawl
31%
Oklahoma vs. Texas Red River Rivalry
31%
Oregon vs. Oregon St. Civil War
25%
BYU vs. Utah Holy War
25%
BYU, Utah, Utah St. Beehive Boot
13%
Kansas vs. Missouri Border War
13%
Georgia vs. Georgia Tech Clean, Old-Fashioned Hate
13%
Air Force, Army, Navy Commander-in-Chief's Trophy
13%
Minnesota vs. Wisconsin Paul Bunyan's Axe
13%
North Carolina vs. Virginia South's Oldest Rivalry
13%
Cal vs. Stanford The Big Game
13%
Alabama vs. Tennessee Third Saturday in October
13%
Duke, North Carolina, NC State, Wake Forest Tobacco Road
13%
South Alabama vs. Troy Battle for the Belt
6%
SMU vs. TCU Battle for the Iron Skillet
6%
Michigan vs. Minnesota Battle for the Little Brown Jug
6%
Utah vs. Utah St. Battle of the Brothers
6%
North Carolina vs. South Carolina Battle of the Carolinas
6%
Houston vs. Rice Bayou Bucket
6%
Oklahoma vs. Oklahoma St. Bedlam Bowl
6%
Oregon vs. Washington Cascade Clash
6%
Iowa vs. Iowa St. Cy-Hawk Game
6%
Iowa St. vs. Kansas St. Farmageddon
6%
Kentucky vs. Louisville Governor's Cup
6%
Texas vs. Texas A&M Lone Star Showdown
6%
Georgia Southern vs. Georgia St. Modern Day Hate
6%
Clemson vs. South Carolina Palmetto Bowl
6%
Arkansas vs. Texas A&M Southwest Classic
6%
Kansas vs. Kansas St. Sunflower Showdown
6%
Georgia Tech vs. Virginia Tech Techmo Bowl
6%
Clemson vs. NC State Textile Bowl
6%
USF vs. UCF War on I-4
6%
Middle Tennessee vs. Western Kentucky 100 Miles of Hate
0%
Minnesota vs. Nebraska $5 Bits of Broken Chair Trophy
0%
Nevada vs. UNLV Battle for Nevada
0%
Cincinnati vs. Miami(OH) Battle for the Bell
0%
Marshall vs. Ohio Battle for the Bell
0%
Southern Miss vs. Tulane Battle for the Bell
0%
Memphis vs. UAB Battle for the Bones
0%
Indiana vs. Michigan St. Battle for the Old Brass Spittoon
0%
BYU vs. Utah St. Battle for the Old Wagon Wheel
0%
Middle Tennessee vs. Troy Battle for the Palladium
0%
LSU vs. Tulane Battle for the Rag
0%
Fresno St. vs. San Jose St. Battle for the Valley
0%
New Mexico St. vs. UTEP Battle of I-10
0%
Bowling Green vs. Toledo Battle of I-75
0%
Miami(OH) vs. Ohio Battle of the Bricks
0%
Louisiana vs. Louisiana-Monroe Battle on the Bayou
0%
San Jose St. vs. Stanford Bill Walsh Legacy Game
0%
Memphis vs. Southern Miss Black and Blue Bowl
0%
Baylor vs. TCU Bluebonnet Battle
0%
Utah St. vs Wyoming Bridger's Battle
0%
Maryland vs. Navy Crab Bowl Classic
0%
Hawaii vs. San Jose St. Dick Tomey Legacy Game
0%
Arizona vs. Arizona St. Duel in the Desert
0%
Florida, Florida St., Miami Florida Cup
0%
Marshall vs. West Virginia Friends of Coal Bowl
0%
Boston College vs. Boston University Green Line Rivalry
0%
Texas St. vs. UTSA I-35 Rivalry
0%
Illinois vs. Ohio St. Illibuck Trophy Game
0%
Penn St. vs. Pitt Keystone Classic
0%
LSU vs. Ole Miss Magnolia Bowl
0%
Central Michigan, Eastern Michigan, Western Michigan Michigan MAC Trophy
0%
Memphis vs. Ole Miss Mid-South Rivalry
0%
Oregon, Oregon St., Washington, Washington St. Northwest Championship
0%
Michigan vs. Michigan St. Paul Bunyan's Trophy
0%
New Mexico vs. New Mexico St. Rio Grande Rivalry
0%
Louisiana Tech vs. Southern Miss. Rivalry in Dixie
0%
Colorado vs. Colorado St. Rocky Mountain Showdown
0%
James Madison vs. Old Dominion Royal Rivalry
0%
North Texas vs. SMU Safeway Bowl
0%
Florida Atlantic vs. Florida Int'l Shula Bowl
0%
Penn St., Pitt, West Virginia Tri-State Big Three
0%
No matching quizzes found
Score Distribution
Percent of People with Each Score
Percentile by Number Answered
Your Score History
You have not taken this quiz